书目信息 |
| 题名: |
常用金属材料实用手册
|
|
| 作者: | 熊中实 , 吕芳斋 著 | |
| 分册: | ||
| 出版信息: | 北京 中国建材工业出版社 2001.03 |
|
| 页数: | 298页 | |
| 开本: | 26cm | |
| 丛书名: | ||
| 单 册: | ||
| 中图分类: | TG14-62 | |
| 科图分类: | ||
| 主题词: | 金属材料 | |
| 电子资源: | ||
| ISBN: | 7-80159-084-8 | |
| 000 | 00612nam0 2200193 45 | |
| 001 | 0259736692 | |
| 005 | 2002040816353669 | |
| 010 | @a7-80159-084-8@dRMB 36.00 | |
| 100 | @a20020408d2001 km y0chiy0120 ea | |
| 101 | 0 | @achi |
| 200 | 1 | @a常用金属材料实用手册@Achang yong jin shu cai liao shi yong shou ce@f熊中实,吕芳斋著@FXiong Zhong Shi,Lu Fang Zhai Zhu |
| 210 | @a北京@c中国建材工业出版社@d2001.03 | |
| 215 | @a298页@d26cm | |
| 606 | 0 | @a金属材料 |
| 690 | @aTG14-62@v3 | |
| 701 | 0 | @a熊中实@AXiong Zhong Shi@4著 |
| 701 | 0 | @a吕芳斋@ALu Fang Zhai@4著 |
| 801 | 0 | @aCN@bPFT@c20020408 |
| 905 | @a10447@dTG14-62@eX654 | |
| 常用金属材料实用手册/熊中实,吕芳斋著.-北京:中国建材工业出版社,2001.03 |
| 298页;26cm |
| ISBN 7-80159-084-8:RMB 36.00 |
| ● |
| 相关链接 |
|
|
|
正题名:常用金属材料实用手册
索取号:TG14-62/X654
 
预约/预借
| 序号 | 登录号 | 条形码 | 馆藏地/架位号 | 状态 | 备注 |
| 1 | 356654 | 203566541 | 自科库501/501自科库 24排3列4层/ [索取号:TG14-62/X654] | 在馆 | |
| 2 | 356655 | 203566550 | 自科库501/501自科库 24排3列4层/ [索取号:TG14-62/X654] | 在馆 |